| 000 | 00596nam a2200193 a 4500 | ||
|---|---|---|---|
| 001 | 487 | ||
| 003 | CDMR | ||
| 005 | 20131001173812.0 | ||
| 008 | 130130s2008||||||||||||||||||||||||||||d | ||
| 020 | _a9788447533473 | ||
| 040 |
_aCDMR _bcat _cCDMR |
||
| 100 | 1 |
_aViolan, Enric _9345 |
|
| 245 | 1 | 0 |
_aCom fer un programa per a televisió _b: l'elaboració del projecte de la idea a l'emissió |
| 260 |
_aBarcelona _c2008 _bUniversitat de Barcelona |
||
| 490 | 0 |
_aUBe. Comunicació activa _v4 |
|
| 650 | 0 | 4 |
_9433 _aTelevisió _xProducció i direcció |
| 650 | 0 | 4 |
_93785 _aTelevisió _xTècnica |
| 942 |
_cMON _2udc |
||
| 999 |
_c487 _d487 |
||